The journal of economic perspectives (Registro nro. 8900)
[ vista simple ]
| 000 -LEADER | |
|---|---|
| fixed length control field | 00914nas a2200277 454500 |
| 001 - CONTROL NUMBER | |
| control field | 43436 |
| 005 - DATE AND TIME OF LATEST TRANSACTION | |
| control field | 20260407193511.0 |
| 008 - FIXED-LENGTH DATA ELEMENTS--GENERAL INFORMATION | |
| fixed length control field | 260407s1987####ag###########|||spa#d |
| 003 - CONTROL NUMBER IDENTIFIER | |
| control field | AR-UNSa-BCEJYS |
| 040 ## - CATALOGING SOURCE | |
| Original cataloging agency | AR-UNSa-BCEJYS |
| Language of cataloging | spa |
| Transcribing agency | AR-UNSa-BCEJYS |
| 080 ## - UNIVERSAL DECIMAL CLASSIFICATION NUMBER | |
| Universal Decimal Classification number | 330 |
| Common auxiliary subdivision | Economía en general |
| 022 ## - INTERNATIONAL STANDARD SERIAL NUMBER | |
| International Standard Serial Number | 0895-3309 |
| 041 ## - LANGUAGE CODE | |
| Language code of text/sound track or separate title | spa |
| 100 1# - MAIN ENTRY--PERSONAL NAME | |
| Personal name | American Economic Association |
| 245 10 - TITLE STATEMENT | |
| Title | The journal of economic perspectives |
| 264 #1 - PRODUCTION, PUBLICATION, DISTRIBUTION, MANUFACTURE, AND COPYRIGHT NOTICE | |
| Place of production, publication, distribution, manufacture | Nashville : |
| Name of producer, publisher, distributor, manufacturer | American Economic Association |
| Date of production, publication, distribution, manufacture, or copyright notice | 1987 |
| 310 ## - CURRENT PUBLICATION FREQUENCY | |
| Current publication frequency | Cambia de Director a partir del Vol. 35, Nº 3 por Heidi Williams |
| 505 ## - FORMATTED CONTENTS NOTE | |
| Formatted contents note | Periodicidad: Trimestral |
| 590 ## - LOCAL NOTE (RLIN) | |
| Local note | niveau_biblio:s niveau_hierar:1 |
| 650 ## - SUBJECT ADDED ENTRY--TOPICAL TERM | |
| Topical term or geographic name entry element | Investigación económica |
| 650 ## - SUBJECT ADDED ENTRY--TOPICAL TERM | |
| Topical term or geographic name entry element | ECONOMIA |
| 650 ## - SUBJECT ADDED ENTRY--TOPICAL TERM | |
| Topical term or geographic name entry element | PENSAMIENTO ECONOMICO |
| 700 1# - ADDED ENTRY--PERSONAL NAME | |
| Personal name | Shapiro, Carl |
| 856 41 - ELECTRONIC LOCATION AND ACCESS | |
| Uniform Resource Identifier | <a href="https://biblioeco.unsa.edu.ar/pmb/images/revistas/R21248.jpg">https://biblioeco.unsa.edu.ar/pmb/images/revistas/R21248.jpg</a> |
| Link text | Imagen de portada |
| Electronic format type | image/jpeg |
| 942 ## - ADDED ENTRY ELEMENTS (KOHA) | |
| Koha item type | |
| Withdrawn status | Lost status | Damaged status | Not for loan | Home library | Current library | Shelving location | Date acquired | Serial enumeration / chronology | Total checkouts | Full call number | Barcode | Date last seen | Price effective from | Koha item type |
|---|---|---|---|---|---|---|---|---|---|---|---|---|---|---|
| Biblioteca Prof. Eusebio Cleto del Rey | Biblioteca Prof. Eusebio Cleto del Rey | 01/12/2021 | Vol. 36, Nº 1 - dic. 2021 | H330 JEP v36.n1 | R10060 | 10/04/2026 | 10/04/2026 | Numero | ||||||
| Biblioteca Prof. Eusebio Cleto del Rey | Biblioteca Prof. Eusebio Cleto del Rey | 01/06/2021 | Vol. 35, Nº 3 - jun. 2021 | H330 JEP v35.n3 | R10059 | 10/04/2026 | 10/04/2026 | Numero | ||||||
| Biblioteca Prof. Eusebio Cleto del Rey | Biblioteca Prof. Eusebio Cleto del Rey | 01/12/1997 | Vol. 11, Nº 1 - dic. 1997 | H330 JEP v11.n1 | R00452 | 10/04/2026 | 10/04/2026 | Numero | ||||||
| Biblioteca Prof. Eusebio Cleto del Rey | Biblioteca Prof. Eusebio Cleto del Rey | 01/06/1996 | Vol. 10, Nº 3 - jun. 1996 | H330 JEP v10.n3 | R21252 | 10/04/2026 | 10/04/2026 | Numero | ||||||
| Biblioteca Prof. Eusebio Cleto del Rey | Biblioteca Prof. Eusebio Cleto del Rey | 21/03/1996 | Vol. 10, Nº 2 - mar. 1996 | H330 JEP v10.n2 | R22137 | 10/04/2026 | 10/04/2026 | Numero | ||||||
| Biblioteca Prof. Eusebio Cleto del Rey | Biblioteca Prof. Eusebio Cleto del Rey | 01/12/1995 | Vol. 9, Nº 1 - dic. 1995 | H330 JEP v9.n1 | R21251 | 10/04/2026 | 10/04/2026 | Numero | ||||||
| Biblioteca Prof. Eusebio Cleto del Rey | Biblioteca Prof. Eusebio Cleto del Rey | 01/06/1994 | Vol. 8, Nº 3 - jun. 1994 | H330 JEP v8.n3 | R21250 | 10/04/2026 | 10/04/2026 | Numero | ||||||
| Biblioteca Prof. Eusebio Cleto del Rey | Biblioteca Prof. Eusebio Cleto del Rey | 01/03/1994 | Vol. 8, Nº 2 - mar. 1994 | H330 JEP v8.n2 | R21248 | 10/04/2026 | 10/04/2026 | Numero |